[Event "Mittelfranken-chTB2b 1920"]
[Site "Mittelfranken"]
[Date "2020.02.16"]
[Round "6.1"]
[White "Lang, Stefan"]
[Black "Kendzia, Nikolai"]
[Result "1-0"]
[WhiteElo "2151"]
[BlackElo "1850"]
[PlyCount "59"]
[EventDate "2019.10.13"]
[EventType "team-tourn"]
[EventRounds "9"]
[EventCountry "GER"]
[SourceTitle "EXT 2023"]
[Source "ChessBase"]
[SourceDate "2022.10.05"]
[SourceVersion "1"]
[SourceVersionDate "2022.10.05"]
[SourceQuality "1"]
[WhiteTeam "Forchheim II"]
[BlackTeam "Postbauer Heng II"]
[WhiteTeamCountry "GER"]
[BlackTeamCountry "GER"]

1. Nf3 Nf6 2. g3 d5 3. Bg2 c5 4. c4 d4 5. b4 cxb4 6. a3 bxa3 7. 0-0 Nc6 8. d3 e6 9. Qb3 Be7 10. Bxa3 0-0 11. Nbd2 h6 12. Bxe7 Qxe7 13. Qa3 Qxa3 14. Rxa3 e5 15. Rb1 Rb8 16. Ne1 Bg4 17. Kf1 a6 18. Nc2 a5 19. Rab3 Nd8 20. Rb5 Nd7 21. Rxa5 f5 22. Rab5 Re8 23. e3 f4 24. exd4 f3 25. Bxf3 Bxf3 26. Nxf3 exd4 27. Ncxd4 Ra8 28. Re1 Rxe1+ 29. Kxe1 Ra3 30. Rd5 1-0

[Event "Mittelfranken-chTB1 1718"]
[Site "Mittelfranken"]
[Date "2017.10.29"]
[Round "2.7"]
[White "Kendzia, Nikolai"]
[Black "Kirsch, Heinrich"]
[Result "1/2-1/2"]
[WhiteElo "1858"]
[BlackElo "1804"]
[PlyCount "59"]
[EventDate "2017.10.08"]
[EventType "team-tourn"]
[EventRounds "9"]
[EventCountry "GER"]
[SourceTitle "EXT 2022"]
[Source "ChessBase"]
[SourceDate "2021.10.06"]
[SourceVersion "1"]
[SourceVersionDate "2021.10.06"]
[SourceQuality "1"]
[WhiteTeam "Postbauer Heng"]
[BlackTeam "Erlangen Siemens"]
[WhiteTeamCountry "GER"]
[BlackTeamCountry "GER"]

1. Nf3 d5 2. d4 c6 3. g3 h6 4. Bg2 Bf5 5. 0-0 e6 6. b3 Nf6 7. Bb2 Nbd7 8. Nbd2 Rc8 9. c4 Bd6 10. c5 Bb8 11. b4 Ne4 12. Nxe4 Bxe4 13. a4 a6 14. Qb3 f5 15. Ne5 Nxe5 16. dxe5 Bxg2 17. Kxg2 g5 18. Rad1 Qe7 19. Bd4 h5 20. f3 Qh7 21. Rh1 h4 22. b5 axb5 23. axb5 cxb5 24. Qxb5+ Qd7 25. Qxd7+ Kxd7 26. Rb1 Rc7 27. Rhc1 Kc8 28. Rb6 Rc6 29. Rcb1 Rh7 30. Ra1 1/2-1/2

[Event "Mittelfranken-chTB2b 0910"]
[Site "Mittelfranken"]
[Date "2010.02.21"]
[Round "7.3"]
[White "Kipferl, Wolfgang"]
[Black "Kendzia, Nikolai"]
[Result "1/2-1/2"]
[WhiteElo "1856"]
[BlackElo "1962"]
[PlyCount "40"]
[EventDate "2009.10.11"]
[EventType "team-tourn"]
[EventRounds "9"]
[EventCountry "GER"]
[SourceTitle "EXT 2011"]
[Source "ChessBase"]
[SourceDate "2010.11.26"]
[SourceVersion "1"]
[SourceVersionDate "2010.11.26"]
[SourceQuality "1"]
[WhiteTeam "Neumarkt"]
[BlackTeam "Postbauer Heng II"]
[WhiteTeamCountry "GER"]
[BlackTeamCountry "GER"]

1. e4 e6 2. d4 d5 3. exd5 exd5 4. Bd3 Bd6 5. Nc3 c6 6. Nf3 Ne7 7. Bg5 f6 8. Bh4 0-0 9. 0-0 Bf5 10. Re1 Bxd3 11. Qxd3 Na6 12. a3 Qd7 13. Bg3 Bxg3 14. hxg3 Rae8 15. Re2 Nc8 16. Rae1 Nd6 17. Nd2 Nc7 18. Nd1 Rxe2 19. Rxe2 Re8 20. c3 Rxe2 1/2-1/2

[Event "Mittelfranken-chTB2b 0910"]
[Site "Mittelfranken"]
[Date "2009.10.25"]
[Round "2.4"]
[White "Kendzia, Nikolai"]
[Black "Korth, Manfred"]
[Result "1-0"]
[WhiteElo "1962"]
[BlackElo "1762"]
[PlyCount "71"]
[EventDate "2009.10.11"]
[EventType "team-tourn"]
[EventRounds "9"]
[EventCountry "GER"]
[SourceTitle "EXT 2011"]
[Source "ChessBase"]
[SourceDate "2010.11.26"]
[SourceVersion "1"]
[SourceVersionDate "2010.11.26"]
[SourceQuality "1"]
[WhiteTeam "Postbauer Heng II"]
[BlackTeam "Heideck/Hilpoltstein"]
[WhiteTeamCountry "GER"]
[BlackTeamCountry "GER"]

1. d4 d5 2. Nf3 Nf6 3. c4 c6 4. Nc3 g6 5. Bg5 Bg7 6. e3 0-0 7. Bd3 Nbd7 8. Qc2 Re8 9. 0-0 h6 10. Bh4 g5 11. Bg3 Nh5 12. cxd5 Nxg3 13. hxg3 cxd5 14. Nxd5 Rb8 15. Nc7 Rf8 16. Rac1 Nb6 17. Ne5 Bxe5 18. dxe5 e6 19. Rfd1 Qe7 20. Nb5 Bd7 21. Nd6 Bc6 22. Qe2 a6 23. Bb1 Nd7 24. Qc2 f6 25. Qg6+ Qg7 26. Qxg7+ Kxg7 27. exf6+ Nxf6 28. f3 Rbd8 29. Nc4 Bb5 30. Ne5 g4 31. Rc7+ Kg8 32. Rdc1 gxf3 33. gxf3 Rd2 34. Rxb7 Nd5 35. Bh7+ Kh8 36. Ng6# 1-0

[Event "Mittelfranken-chTB1 0809"]
[Site "Mittelfranken"]
[Date "2009.03.22"]
[Round "8.4"]
[White "Hofer, Markus"]
[Black "Kendzia, Nikolai"]
[Result "1/2-1/2"]
[WhiteElo "2036"]
[BlackElo "1904"]
[PlyCount "45"]
[EventDate "2008.10.12"]
[EventType "team"]
[EventRounds "9"]
[EventCountry "GER"]
[SourceTitle "EXT 2011"]
[Source "ChessBase"]
[SourceDate "2010.11.26"]
[SourceVersion "1"]
[SourceVersionDate "2010.11.26"]
[SourceQuality "1"]
[WhiteTeam "Buechenbach/Roth"]
[BlackTeam "Postbauer II"]
[WhiteTeamCountry "GER"]
[BlackTeamCountry "GER"]

1. d4 Nf6 2. c4 c5 3. d5 b5 4. cxb5 a6 5. bxa6 Bxa6 6. Nc3 d6 7. e4 g6 8. Nf3 Bxf1 9. Kxf1 Bg7 10. g3 0-0 11. Kg2 Na6 12. Qe2 Nd7 13. h4 h5 14. Bg5 Re8 15. Rhc1 Qb8 16. Rab1 Nc7 17. b3 e6 18. dxe6 Nxe6 19. Nd5 Nxg5 20. hxg5 Qb7 21. Rd1 Re6 22. b4 Qa7 23. a4 1/2-1/2

[Event "Mittelfranken-chTB1 0809"]
[Site "Mittelfranken"]
[Date "2009.03.08"]
[Round "7.5"]
[White "Thiele, Heinz"]
[Black "Kendzia, Nikolai"]
[Result "1/2-1/2"]
[WhiteElo "2032"]
[BlackElo "1904"]
[PlyCount "31"]
[EventDate "2008.10.12"]
[EventType "team"]
[EventRounds "9"]
[EventCountry "GER"]
[SourceTitle "EXT 2011"]
[Source "ChessBase"]
[SourceDate "2010.11.26"]
[SourceVersion "1"]
[SourceVersionDate "2010.11.26"]
[SourceQuality "1"]
[WhiteTeam "Fuerth SF"]
[BlackTeam "Postbauer II"]
[WhiteTeamCountry "GER"]
[BlackTeamCountry "GER"]

1. Nf3 Nf6 2. c4 g6 3. g3 Bg7 4. Bg2 0-0 5. 0-0 d6 6. d4 Nc6 7. Nc3 e5 8. h3 Rb8 9. dxe5 dxe5 10. Bg5 h6 11. Qxd8 Rxd8 12. Bxf6 Bxf6 13. Nd5 Bg7 14. e4 Be6 15. Rac1 Rd7 16. b3 1/2-1/2

[Event "Mittelfranken-chTB1 0809"]
[Site "Mittelfranken"]
[Date "2009.02.08"]
[Round "6.5"]
[White "Kendzia, Nikolai"]
[Black "Meyer, Friedrich"]
[Result "1/2-1/2"]
[WhiteElo "1904"]
[BlackElo "1942"]
[PlyCount "82"]
[EventDate "2008.10.12"]
[EventType "team"]
[EventRounds "9"]
[EventCountry "GER"]
[SourceTitle "EXT 2011"]
[Source "ChessBase"]
[SourceDate "2010.11.26"]
[SourceVersion "1"]
[SourceVersionDate "2010.11.26"]
[SourceQuality "1"]
[WhiteTeam "Postbauer II"]
[BlackTeam "Gunzenhausen/Weissenburg"]
[WhiteTeamCountry "GER"]
[BlackTeamCountry "GER"]

1. d4 g6 2. c4 Bg7 3. Nc3 d6 4. e4 Nc6 5. Be3 e5 6. d5 Nce7 7. Bd3 f5 8. f3 Bh6 9. Bxh6 Nxh6 10. Qd2 Nf7 11. Nge2 c6 12. Rc1 cxd5 13. cxd5 a6 14. a4 Qb6 15. Na2 fxe4 16. fxe4 Bd7 17. a5 Qa7 18. Rc7 Rc8 19. Rxc8+ Bxc8 20. Nac3 Bd7 21. Nd1 0-0 22. Qe3 Qxe3 23. Nxe3 Nh6 24. h3 Kg7 25. Rf1 Rxf1+ 26. Kxf1 Nhg8 27. Nc3 Nf6 28. Nc4 Nc8 29. Kf2 Kf7 30. Bc2 Ke7 31. Ke3 Nh5 32. Ba4 Nf4 33. Kf3 h5 34. Bxd7 Kxd7 35. h4 Kc7 36. Na4 Nd3 37. g3 Ne1+ 38. Ke2 Nc2 39. Kd2 Nd4 40. Ke3 Kd7 41. Kd3 Ke7 1/2-1/2

[Event "Mittelfranken-chTB1 0809"]
[Site "Mittelfranken"]
[Date "2008.12.07"]
[Round "3.5"]
[White "Werner, Andreas1111"]
[Black "Kendzia, Nikolai"]
[Result "0-1"]
[WhiteElo "1952"]
[BlackElo "1904"]
[PlyCount "82"]
[EventDate "2008.10.12"]
[EventType "team"]
[EventRounds "9"]
[EventCountry "GER"]
[SourceTitle "EXT 2011"]
[Source "ChessBase"]
[SourceDate "2010.11.26"]
[SourceVersion "1"]
[SourceVersionDate "2010.11.26"]
[SourceQuality "1"]
[WhiteTeam "Nuernberg Sued SW II"]
[BlackTeam "Postbauer II"]
[WhiteTeamCountry "GER"]
[BlackTeamCountry "GER"]

1. d4 Nf6 2. Nf3 g6 3. c3 Bg7 4. Bg5 d6 5. Nbd2 Nbd7 6. e3 0-0 7. Bc4 d5 8. Bd3 c5 9. 0-0 h6 10. Bh4 g5 11. Bg3 Nh5 12. Qc2 Nxg3 13. hxg3 c4 14. Be2 f5 15. a4 e5 16. b3 e4 17. Nh2 cxb3 18. Qxb3 Nf6 19. c4 Kh8 20. cxd5 Nxd5 21. Rac1 b6 22. Rc2 Bb7 23. a5 Rc8 24. Rfc1 Rxc2 25. Rxc2 Ba8 26. a6 Qd6 27. Bb5 Ne7 28. Nhf1 f4 29. gxf4 gxf4 30. Nc4 Qf6 31. Nh2 Bd5 32. Qb4 Qg5 33. Nf1 f3 34. Ng3 Nf5 35. Qe1 h5 36. Qf1 Nxg3 37. fxg3 Bxc4 38. Bxc4 Qxe3+ 39. Kh2 Bxd4 40. Bd5 Be5 41. Kh3 f2 0-1

[Event "Mittelfranken-chTB1 0809"]
[Site "Mittelfranken"]
[Date "2008.10.26"]
[Round "2.4"]
[White "Kelm, Klaus"]
[Black "Kendzia, Nikolai"]
[Result "1/2-1/2"]
[WhiteElo "1923"]
[BlackElo "1904"]
[PlyCount "49"]
[EventDate "2008.10.12"]
[EventType "team"]
[EventRounds "9"]
[EventCountry "GER"]
[SourceTitle "EXT 2011"]
[Source "ChessBase"]
[SourceDate "2010.11.26"]
[SourceVersion "1"]
[SourceVersionDate "2010.11.26"]
[SourceQuality "1"]
[WhiteTeam "Nuernberg NT IV"]
[BlackTeam "Postbauer II"]
[WhiteTeamCountry "GER"]
[BlackTeamCountry "GER"]

1. Nf3 d5 2. g3 Nf6 3. Bg2 e6 4. 0-0 Bd6 5. d3 0-0 6. Nbd2 c5 7. e4 dxe4 8. dxe4 Nc6 9. c3 h6 10. Re1 e5 11. a4 Be6 12. Qe2 Qe7 13. Nc4 Bc7 14. Nh4 Rfe8 15. Ne3 Rad8 16. Nhf5 Qd7 17. g4 Na5 18. Rd1 Qc8 19. b4 Nb3 20. Rb1 Rxd1+ 21. Qxd1 Qd8 22. Nd5 Nxc1 23. Rxc1 Nxd5 24. exd5 Bxf5 25. gxf5 1/2-1/2

[Event "Regionalliga NO 0809"]
[Site "Bayern"]
[Date "2008.10.05"]
[Round "1.8"]
[White "Walter, Eugen"]
[Black "Kendzia, Nikolai"]
[Result "1-0"]
[WhiteElo "1907"]
[BlackElo "1904"]
[PlyCount "55"]
[EventDate "2008.10.05"]
[EventType "team-tourn"]
[EventRounds "9"]
[EventCountry "GER"]
[SourceTitle "EXT 2020"]
[Source "ChessBase"]
[SourceDate "2019.10.17"]
[SourceVersion "1"]
[SourceVersionDate "2019.10.17"]
[SourceQuality "1"]
[WhiteTeam "Forchheim II"]
[BlackTeam "Postbauer"]
[WhiteTeamCountry "GER"]
[BlackTeamCountry "GER"]

1. Nf3 Nf6 2. b3 g6 3. Bb2 Bg7 4. e3 0-0 5. c4 c5 6. Be2 Nc6 7. 0-0 d6 8. h3 a6 9. a3 Rb8 10. d4 Nd7 11. Qc2 cxd4 12. Nxd4 Nxd4 13. Bxd4 Bxd4 14. exd4 Nf6 15. Nc3 Bf5 16. Bd3 Bxd3 17. Qxd3 Qd7 18. Rfd1 Rfd8 19. a4 b6 20. d5 Qc7 21. Re1 Re8 22. Re3 e5 23. dxe6 Rxe6 24. Rxe6 fxe6 25. Rd1 Rd8 26. Qf3 Kg7 27. Re1 e5 28. Qxf6+ 1-0

[Event "Mittelfrankenliga-B2b 0708"]
[Site "Mittelfranken"]
[Date "2008.04.27"]
[Round "9.4"]
[White "Kendzia, Nikolai"]
[Black "Korth, Manfred"]
[Result "1/2-1/2"]
[WhiteElo "1904"]
[BlackElo "1752"]
[PlyCount "22"]
[EventDate "2007.10.14"]
[EventType "team-tourn"]
[EventRounds "9"]
[EventCountry "GER"]
[SourceTitle "EXT 2011"]
[Source "ChessBase"]
[SourceDate "2010.11.26"]
[SourceVersion "1"]
[SourceVersionDate "2010.11.26"]
[SourceQuality "1"]
[WhiteTeam "Postbauer II"]
[BlackTeam "Heideck/Hilpoltstein"]
[WhiteTeamCountry "GER"]
[BlackTeamCountry "GER"]

1. d4 d5 2. Nf3 Nf6 3. c4 c6 4. Nc3 dxc4 5. a4 Na6 6. e4 Bg4 7. Bxc4 e6 8. 0-0 Nb4 9. Be3 Be7 10. Rc1 0-0 11. h3 Bh5 1/2-1/2

[Event "Mittelfrankenliga-B2b 0708"]
[Site "Mittelfranken"]
[Date "2007.11.25"]
[Round "3.4"]
[White "Reuter, Roland"]
[Black "Kendzia, Nikolai"]
[Result "1/2-1/2"]
[WhiteElo "1858"]
[BlackElo "1904"]
[PlyCount "58"]
[EventDate "2007.10.14"]
[EventType "team-tourn"]
[EventRounds "9"]
[EventCountry "GER"]
[SourceTitle "EXT 2011"]
[Source "ChessBase"]
[SourceDate "2010.11.26"]
[SourceVersion "1"]
[SourceVersionDate "2010.11.26"]
[SourceQuality "1"]
[WhiteTeam "Schwabach"]
[BlackTeam "Postbauer II"]
[WhiteTeamCountry "GER"]
[BlackTeamCountry "GER"]

1. e4 c6 2. Nf3 d5 3. exd5 cxd5 4. d4 Nc6 5. Bf4 Bg4 6. c3 e6 7. Nbd2 Nf6 8. Bd3 Bd6 9. Bxd6 Qxd6 10. 0-0 0-0 11. Qb3 a6 12. Rfe1 Bxf3 13. Nxf3 Qc7 14. Re2 Rac8 15. Rae1 Na5 16. Qc2 Nc4 17. Qc1 b5 18. Ne5 a5 19. Rc2 Qb7 20. Qf4 b4 21. cxb4 Qxb4 22. Qc1 Nxe5 23. dxe5 Rxc2 24. Bxc2 Nd7 25. Re3 h6 26. Bb1 Qc4 27. Qd2 Ra8 28. b3 Qb4 29. Qd3 Nf8 1/2-1/2

[Event "Regionalliga NO 0607"]
[Site "Bayern"]
[Date "2007.03.18"]
[Round "7.6"]
[White "Kendzia, Nikolai"]
[Black "Fischer, Ernst"]
[Result "1/2-1/2"]
[WhiteElo "1898"]
[BlackElo "1948"]
[PlyCount "43"]
[EventDate "2006.10.15"]
[EventType "team-tourn"]
[EventRounds "9"]
[EventCountry "GER"]
[SourceTitle "EXT 2008"]
[Source "ChessBase"]
[SourceDate "2007.11.25"]
[SourceVersion "1"]
[SourceVersionDate "2007.11.25"]
[SourceQuality "1"]
[WhiteTeam "Postbauer Heng"]
[BlackTeam "Weiden"]
[WhiteTeamCountry "GER"]
[BlackTeamCountry "GER"]

1. e4 e6 2. d4 d5 3. e5 c5 4. c3 Nc6 5. Nf3 Bd7 6. a3 f6 7. exf6 Nxf6 8. Bd3 c4 9. Bc2 Bd6 10. 0-0 Qc7 11. h3 0-0-0 12. b3 cxb3 13. Bxb3 h6 14. a4 g5 15. Na3 a6 16. c4 Rdg8 17. Nb5 Qb8 18. Nxd6+ Qxd6 19. Ba3 Qf4 20. Bc1 Qd6 21. Ba3 Qf4 22. Bc1 1/2-1/2

[Event "Mittelfrankenliga-B2b 0607"]
[Site "Mittelfranken"]
[Date "2007.01.28"]
[Round "5.2"]
[White "Kendzia, Nikolai"]
[Black "Mehwald, Thomas"]
[Result "1/2-1/2"]
[WhiteElo "1898"]
[BlackElo "1996"]
[PlyCount "66"]
[EventDate "2006.10.22"]
[EventType "team-tourn"]
[EventRounds "9"]
[EventCountry "GER"]
[SourceTitle "EXT 2011"]
[Source "ChessBase"]
[SourceDate "2010.11.26"]
[SourceVersion "1"]
[SourceVersionDate "2010.11.26"]
[SourceQuality "1"]
[WhiteTeam "Postbauer II"]
[BlackTeam "Muehlhof"]
[WhiteTeamCountry "GER"]
[BlackTeamCountry "GER"]

1. d4 Nf6 2. Nf3 e6 3. c4 b6 4. g3 Bb7 5. Bg2 d5 6. 0-0 Bd6 7. Nc3 0-0 8. Ne5 c6 9. f4 Qc7 10. cxd5 Nxd5 11. e4 Nxc3 12. bxc3 Nd7 13. Nc4 Be7 14. Ne3 c5 15. Bb2 Rad8 16. Qe2 Qc8 17. Rfd1 Nf6 18. e5 Nd5 19. Nxd5 Bxd5 20. Bxd5 exd5 21. g4 cxd4 22. cxd4 f5 23. g5 Qe6 24. Rac1 Rc8 25. Qa6 Bb4 26. Ba3 Rxc1 27. Rxc1 Bxa3 28. Qxa3 Rc8 29. Kf2 Rxc1 30. Qxc1 Qd7 31. Qc2 Kf7 32. Ke3 Ke6 33. Kd2 g6 1/2-1/2

[Event "Mittelfrankenliga-B2b 0506"]
[Site "Germany"]
[Date "2006.04.02"]
[Round "8.1"]
[White "Meyer, Friedrich"]
[Black "Kendzia, Nikolai"]
[Result "1-0"]
[WhiteElo "1861"]
[BlackElo "1921"]
[PlyCount "71"]
[EventDate "2005.10.16"]
[EventType "team"]
[EventRounds "9"]
[EventCountry "GER"]
[SourceTitle "EXT 2007"]
[Source "ChessBase"]
[SourceDate "2006.11.23"]
[SourceVersion "1"]
[SourceVersionDate "2006.11.23"]
[SourceQuality "1"]

1. d4 Nf6 2. Nf3 g6 3. Nc3 Bg7 4. e4 d6 5. Be3 0-0 6. Qd2 Nc6 7. 0-0-0 a6 8. Bh6 b5 9. Bxg7 Kxg7 10. Bd3 Nb4 11. e5 Nxd3+ 12. Qxd3 dxe5 13. dxe5 Qxd3 14. exf6+ exf6 15. Rxd3 Bf5 16. Rd2 c5 17. Re1 Rab8 18. h3 Rfc8 19. Nd5 Be6 20. Kb1 a5 21. Nf4 Rc6 22. Nxe6+ fxe6 23. Rd7+ Kg8 24. Red1 Rcc8 25. Kc1 a4 26. Re7 c4 27. c3 b4 28. Rdd7 a3 29. bxa3 b3 30. axb3 Rxb3 31. Rg7+ Kf8 32. Kc2 Rcb8 33. Nd4 Rb2+ 34. Kd1 Rxf2 35. Nxe6+ Ke8 36. Rde7# 1-0

[Event "Mittelfrankenliga-B2b 0506"]
[Site "Germany"]
[Date "2005.10.16"]
[Round "1.1"]
[White "Alsheimer, Christoph"]
[Black "Kendzia, Nikolai"]
[Result "1-0"]
[WhiteElo "2023"]
[BlackElo "1902"]
[PlyCount "79"]
[EventDate "2005.10.16"]
[EventType "team"]
[EventRounds "9"]
[EventCountry "GER"]
[SourceTitle "EXT 2007"]
[Source "ChessBase"]
[SourceDate "2006.11.23"]
[SourceVersion "1"]
[SourceVersionDate "2006.11.23"]
[SourceQuality "1"]

1. d4 Nf6 2. Nf3 g6 3. c4 c5 4. Nc3 cxd4 5. Nxd4 Nc6 6. e4 d6 7. f3 Bg7 8. Be3 a6 9. Qd2 0-0 10. Be2 Bd7 11. 0-0 Rc8 12. Rac1 Nxd4 13. Bxd4 Be6 14. b3 Nd7 15. Bxg7 Kxg7 16. Qd4+ Kg8 17. Kh1 Qa5 18. f4 Qb6 19. Qd2 f5 20. Bf3 Qa5 21. exf5 Bxf5 22. g4 Be6 23. Qe2 Nc5 24. Bxb7 Rc7 25. Bd5 Bf7 26. Bxf7+ Rxf7 27. Nd5 Rb7 28. b4 Rxb4 29. Nxe7+ Kf8 30. Nc6 Qb6 31. Nxb4 Qxb4 32. Rb1 Qc3 33. Rb8+ Kg7 34. Qb2 Qxb2 35. Rxb2 Nd3 36. Rd2 Nxf4 37. g5 Nh3 38. Rxf7+ Kxf7 39. Rxd6 Nxg5 40. Rxa6 1-0

[Event "Regionalliga NO 0405"]
[Site "Bayern"]
[Date "2005.04.10"]
[Round "9.8"]
[White "Kendzia, Nikolai"]
[Black "Hintyes, Helmuth"]
[Result "1/2-1/2"]
[WhiteElo "1912"]
[BlackElo "1856"]
[PlyCount "59"]
[EventDate "2004.10.24"]
[EventType "team-tourn"]
[EventRounds "9"]
[EventCountry "GER"]
[SourceTitle "EXT 2007"]
[Source "ChessBase"]
[SourceDate "2006.11.23"]
[SourceVersion "1"]
[SourceVersionDate "2006.11.23"]
[SourceQuality "1"]
[WhiteTeam "Postbauer Heng"]
[BlackTeam "Nuernberg Sued SW II"]
[WhiteTeamCountry "GER"]
[BlackTeamCountry "GER"]

1. e4 c5 2. Nf3 Nc6 3. d4 cxd4 4. Nxd4 d6 5. Nc3 Bd7 6. Be2 g6 7. Be3 Bg7 8. Qd2 Nf6 9. h4 Ng4 10. Bxg4 Bxg4 11. f3 Bd7 12. h5 a6 13. 0-0-0 b5 14. hxg6 fxg6 15. Nd5 Rc8 16. Nxc6 Bxc6 17. Bd4 Bxd4 18. Qxd4 Kf7 19. e5 dxe5 20. Qxe5 Bxd5 21. Rxd5 Qc7 22. Qe4 Qc4 23. Rd4 Qxa2 24. Re1 Rhe8 25. Qe5 Kg8 26. Rd7 Qa1+ 27. Kd2 Qa5+ 28. Kc1 Qa1+ 29. Kd2 Qa5+ 30. Kc1 1/2-1/2

[Event "Regionalliga NO 0405"]
[Site "Bayern"]
[Date "2004.12.12"]
[Round "4.6"]
[White "Veh Hoelzlein, Michael"]
[Black "Kendzia, Nikolai"]
[Result "1/2-1/2"]
[WhiteElo "2051"]
[BlackElo "1912"]
[PlyCount "69"]
[EventDate "2004.10.24"]
[EventType "team-tourn"]
[EventRounds "9"]
[EventCountry "GER"]
[SourceTitle "EXT 2007"]
[Source "ChessBase"]
[SourceDate "2006.11.23"]
[SourceVersion "1"]
[SourceVersionDate "2006.11.23"]
[SourceQuality "1"]
[WhiteTeam "Schwabach"]
[BlackTeam "Postbauer Heng"]
[WhiteTeamCountry "GER"]
[BlackTeamCountry "GER"]

1. e4 e6 2. d4 d5 3. Nc3 Bb4 4. Nge2 dxe4 5. a3 Be7 6. Nxe4 Nf6 7. N2c3 Nbd7 8. Be3 Nxe4 9. Nxe4 Nf6 10. Bd3 Bd7 11. 0-0 Bc6 12. f3 0-0 13. c4 Qd7 14. Qc2 h6 15. Rad1 Rad8 16. Qe2 Qc8 17. Bb1 b6 18. Qc2 Nxe4 19. fxe4 e5 20. d5 Bd7 21. Qc3 f6 22. b4 Bg4 23. Rc1 Rde8 24. Qd3 Rd8 25. h3 Bh5 26. c5 Qd7 27. Rf2 Kh8 28. Qd2 f5 29. cxb6 cxb6 30. exf5 Qxd5 31. Bxh6 Qxd2 32. Bxd2 Bh4 33. g3 Bxg3 34. Rg2 Rxd2 35. Rxd2 1/2-1/2

[Event "Regionalliga NO 0405"]
[Site "Bayern"]
[Date "2004.11.28"]
[Round "3.8"]
[White "Kendzia, Nikolai"]
[Black "Wittmann, Guenter"]
[Result "1-0"]
[WhiteElo "1912"]
[BlackElo "1920"]
[PlyCount "83"]
[EventDate "2004.10.24"]
[EventType "team-tourn"]
[EventRounds "9"]
[EventCountry "GER"]
[SourceTitle "EXT 2007"]
[Source "ChessBase"]
[SourceDate "2006.11.23"]
[SourceVersion "1"]
[SourceVersionDate "2006.11.23"]
[SourceQuality "1"]
[WhiteTeam "Postbauer Heng"]
[BlackTeam "Regensburg Eulenspiegel"]
[WhiteTeamCountry "GER"]
[BlackTeamCountry "GER"]

1. e4 e6 2. d4 d5 3. e5 c5 4. c3 Nc6 5. Nf3 Qb6 6. a3 c4 7. Be2 Bd7 8. 0-0 Nge7 9. Nbd2 Na5 10. Rb1 Rc8 11. Kh1 Nb3 12. Nxb3 Ba4 13. Nfd2 Nc6 14. Qe1 Bxb3 15. Nxb3 Qxb3 16. Bg5 h6 17. Bh4 Qc2 18. f4 b5 19. f5 exf5 20. Bf3 g5 21. Rf2 Qa4 22. Bxd5 Ne7 23. e6 f6 24. Bf3 h5 25. d5 Qa6 26. Rd2 Qd6 27. Bf2 g4 28. Bd1 Bh6 29. Rd4 Rc5 30. b3 cxb3 31. Bxb3 a6 32. a4 0-0 33. axb5 Rxb5 34. c4 Rb4 35. Qd1 Rfb8 36. Be1 R4b7 37. Qc2 Rc8 38. Qd1 Rcb8 39. Qc2 Be3 40. Rdd1 Rc8 41. Qd3 f4 42. Bc2 1-0

[Event "Regionalliga NO 0203"]
[Site "Bayern"]
[Date "2003.03.30"]
[Round "9.6"]
[White "Kendzia, Nikolai"]
[Black "Woerle, Heinrich"]
[Result "1/2-1/2"]
[WhiteElo "1896"]
[BlackElo "1901"]
[PlyCount "52"]
[EventDate "2002.10.20"]
[EventType "team-tourn"]
[EventRounds "9"]
[EventCountry "GER"]
[SourceTitle "EXT 2004"]
[Source "ChessBase"]
[SourceDate "2003.11.25"]
[SourceVersion "1"]
[SourceVersionDate "2003.11.25"]
[SourceQuality "1"]
[WhiteTeam "Postbauer Heng"]
[BlackTeam "Gunzenhausen"]
[WhiteTeamCountry "GER"]
[BlackTeamCountry "GER"]

1. e4 c6 2. d4 d5 3. e5 Bf5 4. h4 h5 5. Ne2 e6 6. Ng3 Bg6 7. Be2 Nd7 8. Nd2 c5 9. c3 Qb6 10. Nb3 Ne7 11. dxc5 Nxc5 12. Nxc5 Qxc5 13. Nxh5 Nc6 14. Be3 Qe7 15. Nf4 Nxe5 16. Qa4+ Nc6 17. Nxg6 fxg6 18. 0-0-0 Qc7 19. Qg4 Qf7 20. h5 gxh5 21. Rxh5 Rxh5 22. Qxh5 Qxh5 23. Bxh5+ Ke7 24. Bg5+ Kd6 25. c4 d4 26. a3 Be7 1/2-1/2

[Event "Regionalliga NO 0203"]
[Site "Bayern"]
[Date "2003.01.26"]
[Round "5.8"]
[White "Laurent, Rudolf"]
[Black "Kendzia, Nikolai"]
[Result "0-1"]
[WhiteElo "1745"]
[BlackElo "1896"]
[PlyCount "80"]
[EventDate "2002.10.20"]
[EventType "team-tourn"]
[EventRounds "9"]
[EventCountry "GER"]
[SourceTitle "EXT 2004"]
[Source "ChessBase"]
[SourceDate "2003.11.25"]
[SourceVersion "1"]
[SourceVersionDate "2003.11.25"]
[SourceQuality "1"]
[WhiteTeam "Regensburg Bavaria"]
[BlackTeam "Postbauer Heng"]
[WhiteTeamCountry "GER"]
[BlackTeamCountry "GER"]

1. d4 Nf6 2. Nf3 g6 3. g3 Bg7 4. Bg2 0-0 5. 0-0 d6 6. Nc3 Nbd7 7. b3 e5 8. Bb2 e4 9. Ne1 d5 10. e3 c6 11. a4 Re8 12. f4 Nf8 13. h3 Nh5 14. Kh2 f5 15. Ba3 Ne6 16. b4 Bd7 17. Rg1 Kh8 18. Bf1 Rg8 19. Be2 Nf6 20. Ng2 Qc7 21. Qd2 Rad8 22. Raf1 Be8 23. Nh4 Bf8 24. Nd1 a5 25. c3 b5 26. g4 fxg4 27. Bxg4 Nxg4+ 28. hxg4 axb4 29. Bxb4 Bxb4 30. cxb4 bxa4 31. Kg2 Ng7 32. Rh1 Rd7 33. Rf2 Qd6 34. Kg1 Rb7 35. Rfh2 Ne6 36. Ng2 Rgg7 37. Qf2 Qxb4 38. Ne1 a3 39. f5 gxf5 40. Qe2 Rxg4+ 0-1